000
00201 a2200097 4500
001
11662
100
_a
Jane's
245
_a
Jane's airtraffic control 1995-96
260
_a
_b
J
_c
090
_c
8972
_d
8972
942
_a
NUST-CAE
_c
M
_c
35791
999
_c
246735
_d
246735